MDQL
is popping MORE tags! Check the
thread
!
Quizzes
Events
Quiz Creation
Community
Videos
Private Events
Remove Ads
Sign In
Join for FREE
Feedback
Dark Mode
Quiz Categories
Sports
Geography
Music
Movies
Television
Just For Fun
Miscellaneous
History
Literature
Language
Science
Gaming
Entertainment
Religion
Holiday
For Kids
Quiz Lab
Recent
Popular Today
Quiz Kudos Today
Editor Picks
Curator Picks
Quizzes by...
Day
Popularity
Type
Ratings
Length
Year
Community
Subscriptions
Recent Discussions
Orange Saloon
Badges
Playlists
Quests
Create
Leaderboards
Showdown
Live 5
Trivia Bingo
Activity
Puzzle Library
Sporcle Events
Private Events
Virtual Trivia
Globe League
Become a Host
Pub Owners
SporcleCon
Opinionation
Our Games
Videos
Blog
Mobile Apps
Partnerships
Remove Ads and Go Orange
Feedback
Geography
Country
Landmarks
City
State
Population
World
Capital
Continent
Flags
Europe
Africa
Asia
South America
North America
Oceania
Border
Canada
United Kingdom
Topography
United States
Geography
Country
Landmarks
City
State
Population
World
Capital
Continent
Flags
Europe
Africa
Asia
South America
North America
Oceania
Border
Canada
United Kingdom
Topography
United States
Random Quiz
Search Sporcle
×
Quiz Lab
Quiz Lab
Geography
City
Type in answers that appear in a list
Type in answers that appear in a list
Classic
Best Score? Go Orange.
LaGuardia Airport Cities Stats
Can you name the destinations served by LaGuardia Airport?
By
ThatCornellGuy
10m
77 Questions
907 Plays
907 Plays
907 Plays
Comments
Comments
Give Quiz Kudos
Give Quiz Kudos
-
- Ratings
hide this ad
More Info
Replay
Link that replays current quiz
Next Quiz
Link to next quiz in quiz playlist
You Got
0%
They Got
Avg Score
65%
Avg Friend Score
Upgrade to see
Score Distribution
Jump to the score distribution portion of the page
Score
0/77
Timer
10:00
0
Plays Today
Airline(s)
Destination
% Correct
Air Canada, American Eagle
Toronto-Pearson
95.6%
Air Tran, Delta
Atlanta
93.2%
Air Canada, Air Canada Jazz, American Eagle
Montreal-Trudeau
93.1%
American, United
Chicago-O'Hare
92.1%
American
Dallas-Fort Worth
92%
American
Miami
91.8%
American Eagle, Delta, Delta Connection, US Airways
Boston
90.3%
Continental
Houston-Intercontinental
90%
Delta Connection, Southwest
Chicago-Midway
89.3%
United, United Express
Washington-Dulles
89.1%
Air Tran, Delta, JetBlue
Orlando
88.6%
US Airways, US Airways Express
Philadelphia
88%
Delta Connection, US Airways,
Washington-Reagan
87.8%
American Eagle, Delta, Spirit
Detroit
87.4%
American Eagle, Continental, Continental Express
Cleveland
85.6%
US Airways, US Airways Express
Charlotte-Douglas
85.3%
Frontier, Southwest, United
Denver
84.7%
Southwest, US Airways Express
Baltimore-Washington
83.8%
Delta
Minneapolis/St. Paul
82.4%
US Airways Express
Buffalo
81.8%
Delta
Tampa
81.4%
American Eagle, Delta Connection, US Airways Express
Raleigh-Durham
80.5%
American Eagle, Delta Connection, US Airways Express
Columbus
79.5%
American
St. Louis
79.4%
Delta
Memphis
79.4%
Air Canada Jazz
Ottawa
79.2%
Delta
New Orleans
78.5%
Air Tran, Delta Connection
Indianapolis
78.3%
Delta Connection
Jacksonville
77.3%
Delta Connection, Midwest
Kansas City
77%
Air Tran, Midwest
Milwaukee
76.7%
Delta, JetBlue, Spirit
Fort Lauderdale
75.2%
US Airways Express
Albany
74.4%
American, American Eagle
Nashville
74.1%
US Airways Express
Rochester
70.7%
Delta Connection, US Airways Express
Charleston, SC
69.8%
US Airways Express
Syracuse
69.8%
US Airways Express
Louisville
69.2%
Delta Connection
Cincinnati-Northern Kentucky
69.1%
Airline(s)
Destination
% Correct
Delta Connection, US Airways Express
Richmond
68.8%
Air Canada Jazz, Delta Connection
Halifax
67.8%
Delta Connection, US Airways Express
Portland, ME
67.8%
American Eagle
Charleston, WV
66.7%
Delta, US Airways
Nassau
66.5%
US Airways Express
Providence
63.6%
Delta Connection
Savannah
62%
Delta Connection, US Airways Express
Norfolk
61.1%
Delta
Fort Myers
60.2%
US Airways Express
Manchester-Boston
59.1%
Delta
Salt Lake City
58.3%
US Airways Express
Burlington
57.7%
Delta Connection
Columbia
57.3%
Delta Connection
Lexington
56.9%
American, Delta, JetBlue
West Palm Beach
56.4%
Delta Connection
Knoxville
56.4%
US Airways Express
Dayton
55.3%
Air Tran
Akron-Canton
54.4%
US Airways Express
Greensboro
53.3%
Delta Connection
Madison
52.8%
Delta Connection
Des Moines
52.7%
Delta Connection
Grand Rapids
52.3%
Delta Connection, US Airways Express
Bangor
50.5%
Delta Connection
Omaha
49%
Delta Connection, Spirit
Myrtle Beach
46.4%
Delta
Bermuda
44%
US Airways Express
Wilmington
42.1%
Delta Connection
Greenville-Spartanburg
40.1%
US Airways Express
Roanoke
36.8%
Delta Connection
Asheville
36.2%
Air Tran
Newport News/Williamsburg
33.5%
US Airways Express
Ithaca
31%
American Eagle
Fayetteville
29.1%
US Airways Express
Charlottesville-Albemarle
25.8%
Continental
Aruba
20.8%
American Eagle, Delta Connection
Traverse City
16.9%
American
Eagle-Vail
16.2%
Delta
Hayden/Steamboat Springs
10.1%
Quiz Playlist
Details
Report
Send in Message
Add To Playlist
More Info:
Enter either the airport name, code, or city
Classic:
Type in answers that appear in a list
Quiz Source
Last Updated: Feb 16, 2017
Quiz Scoreboard
CHALLENGE
Sign Up to Join the Scoreboard
Show All
Scores
Hide
Comments
May contain spoilers
Recently Published
Street Fighter Characters
by Artimus82
Gaming
60s
9x9 Crossword: Cartoon Network
by jackfrog10
Miscellaneous
3m
College Basketball Coaching Resumes
by pancakes188
Sports
9m
More to Explore
Quiz From the Vault
Featured Blog Post
Where Did the Easter Bunny Come From?
hide this ad
You Might Also Like...
Tags
City Quiz
Airline
airport
destination
laguardia
Served
Today's Top Quizzes in Geography
Browse Geography
hide this ad
Today's Top Quizzes in City
Browse City
Top Contributed Quizzes in Geography
1
Countries of the World - No Outlines Minefield
2
Top 25 Cities of France on a map
3
Any capital of a 'B' country per Continent
4
Any capital of a 'C' country per Continent
5
Closest Countries to UK A-Z
6
Any capital of a 'D' country per Continent
7
5-to-1: US Geography No Hints
8
Any capital of an 'E' country per Continent
9
Find the US States - No Outlines
10
Any capital of an 'F' country per Continent
Explore More
Trending Topics
NBA
Disney
Marvel
Anime
Harry Potter
Kpop
Crossword
Puzzle
The Office
WWE
Soccer
Pokémon
Country
Song
NFL
hide this ad
More By:
ThatCornellGuy
Quiz
Plays
Rating
Category
Featured
Created
Atlanta International Destinations
1,270
3.40
Geography
Feb 17, 2010
Seattle-Tacoma Int'l Destinations
1,009
3.50
Geography
Feb 18, 2010
Toronto-Pearson Airlines
947
3.50
Geography
Feb 16, 2010
Boston Logan International Destinations
916
3.00
Geography
Feb 16, 2010
LaGuardia Airport Cities
907
3.86
Geography
Feb 15, 2010
Go to Creator's Profile
Score Distribution
Quiz Creator Spotlight
ThatCornellGuy
Follow
Send a Message
Quizzes Created
-
Created Quiz Play Count
-
More By This Creator
Popular Quizzes Today
1
Find the US States - No Outlines Minefield
2
Find the Countries of Europe - No Outlines Minefield
3
The Countries of the World
4
Find the US States
5
Risky Map Clicking: Biggest States A-Z
6
US States
7
Popular People in 1961
8
Movies - When Are They Set?
More Geography Quizzes
Which is Biggest: US Same Name Cities
Curator's Pick
Trending Quizzes
Risky Map Clicking: Least Populous States A-Z
Countries of the World: 200 Million BC
Billboard Blitz: Aretha Franklin
1-10 Letter G Words
Famous Russians: Author or Composer?
Recently Updated
Leaping Animals
pecheneg
Reality TV Shows (A-Z)
bhenderson79
Rickey Henderson's Hall of Fame Teammates
pecheneg
Champions League XIs: Arsenal
pecheneg
Quick Pick: Celebrities in WWE's Hall of Fame
aduchscher
A-Z Keypad Blitz II
pecheneg
Multiple Oscar Actors
pecheneg
Mystery Phrase Blitz: Oscar 'Best Actors'
pecheneg
F. Scott Fitzgerald Novels
LTH
Pick 3 Villains
ddd62291
Trending Topics
Marvel
Anime
NBA
Harry Potter
Kpop
Disney
Crossword
Puzzle
The Office
Soccer
Song
WWE
Country
Pokémon
NFL
Your Account Isn't Verified!
In order to create a playlist on Sporcle, you need to verify the email address you used during registration. Go to your
Sporcle Settings
to finish the process.
Report this User
Report this user for behavior that violates our
Community Guidelines
.
Details:
Send Report
Go to the Sporcle.com Mobile Site →
Comments